00546 2200193 4500001002100000005001500021035002000036245009800056100002600154250000600180300003100186700001400217260004000231082000800271084001400279020002200293600002000315990001700335INLIS00000000000169520240912095820 a0010-09240000031 aKecil-Kecil Punya Karya :bSampahku Sahabatku /cKamila Fatimatuzzahro; Ilustrator, Asep Vess0 aKamila Fatimatuzzahro a- a88 hlm. :bilus. ;c21 cm.0 aAsep Vess aBandung :bMizan Media Utama,c2017 a813 a813 KAM k a978-602-420-488-4 4aFiksi Indonesia a05285/P/2024